| 000 -LEADER |
| fixed length control field |
00298nam a2200121Ia 4500 |
| 008 - FIXED-LENGTH DATA ELEMENTS--GENERAL INFORMATION |
| fixed length control field |
260210s9999 xx 000 0 und d |
| 020 ## - INTERNATIONAL STANDARD BOOK NUMBER |
| International Standard Book Number |
9788957709153 |
| 082 ## - DEWEY DECIMAL CLASSIFICATION NUMBER |
| Classification number |
720.956 MAT |
| 100 ## - MAIN ENTRY--PERSONAL NAME |
| Personal name |
Archiworld |
| 245 #0 - TITLE STATEMENT |
| Title |
Middle East 100 Architecture, Vol. 2 |
| 260 ## - PUBLICATION, DISTRIBUTION, ETC. (IMPRINT) |
| Name of publisher, distributor, etc |
Archiworld |
| 942 ## - ADDED ENTRY ELEMENTS (KOHA) |
| Item type |
PG Books |
| Source of classification or shelving scheme |
|